[Event "USA-ch G2 playoff"]
[Site "Salt Lake City"]
[Date "1999.08.31"]
[Round "1"]
[White "Seirawan, Yasser"]
[Black "Benjamin, Joel"]
[Result "1-0"]
[WhiteElo "2653"]
[BlackElo "2579"]

1.d4 d6 2.c4 e5 3.Nc3 exd4 4.Qxd4 Nf6 5.Bg5 Be7 6.e3 O-O 7.Nf3 Nc6 8.Qd2 Bf5
9.Bd3 Bxd3 10.Qxd3 Ne5 11.Nxe5 dxe5 12.Qf5 Ne8 13.Bxe7 Qxe7 14.Nd5 Qd6 15.O-O c6
16.Nc3 Nf6 17.Rad1 Qe7 18.Rd2 Rad8 19.Rfd1 Rxd2 20.Rxd2 Re8 21.h3 g6 22.Qd3 Kg7
23.a3 Qe6 24.Ne4 Nxe4 25.Qxe4 f6 26.Qd3 Re7 27.Qd8 Rf7 28.Qd3 Qe7 29.b4 a6
30.c5 Qe6 31.Kh2 Qe7 32.Qd6 Qxd6 33.Rxd6 Kf8 34.g4 Ke7 35.Kg3 Rf8 36.f4 exf4+
37.Kxf4 Rd8 38.Rxd8 Kxd8 39.e4 Ke7 40.e5 h6 41.h4 Ke6 42.exf6 Kxf6 43.g5+ hxg5+
44.hxg5+ Ke6 45.Ke4 Kd7 46.Ke5 Ke7 47.a4  1-0

[Event "USA-ch G2 playoff"]
[Site "Salt Lake City"]
[Date "1999.08.31"]
[Round "3"]
[White "Ivanov, Alexander"]
[Black "Seirawan, Yasser"]
[Result "1/2-1/2"]
[WhiteElo "2515"]
[BlackElo "2653"]

1.e4 e6 2.d4 d5 3.Nd2 dxe4 4.Nxe4 Nd7 5.Bd3 Ngf6 6.Nxf6+ Nxf6 7.Nf3 a6 8.Qe2 Be7
9.Bg5 c5 10.dxc5 Qa5+ 11.c3 Qxc5 12.O-O b6 13.Qe5 Bb7 14.Qxc5 Bxc5 15.Rad1 h6
16.Bf4 O-O 17.Be2 Rfd8 18.Be5 b5 19.Bd4 Bxd4 20.Nxd4 Rac8 21.Bf3 Bxf3 22.Nxf3 Ne4
23.Rfe1 Nc5 24.Kf1 Na4 25.Rxd8+ Rxd8 26.Rb1 f6 27.Ke2 e5 28.Nd2 Kf7 29.Kd1 f5
30.Kc2 Ke6 31.f3 h5 32.h4 Kf6 33.Nf1 g5 34.hxg5+ Kxg5 35.Re1 Kf6 36.g3 Nc5
37.Re2 Ne6 38.Rh2 Kg6 39.Re2 Kf6 40.Rh2 Kg6 41.Re2  1/2-1/2

[Event "USA-ch G2 playoff"]
[Site "Salt Lake City"]
[Date "1999.08.31"]
[Round "4"]
[White "Benjamin, Joel"]
[Black "Seirawan, Yasser"]
[Result "1-0"]
[WhiteElo "2579"]
[BlackElo "2653"]

1.e4 c6 2.d4 d5 3.e5 Bf5 4.Nf3 e6 5.Be2 Ne7 6.Nbd2 h6 7.c3 Nd7 8.O-O Ng6
9.Re1 Nf4 10.Nf1 Nxe2+ 11.Qxe2 Be7 12.Ng3 Bg6 13.h3 O-O 14.Nh2 c5 15.Be3 cxd4
16.Bxd4 Nb8 17.f4 Nc6 18.Bf2 Qa5 19.a4 Qa6 20.Qg4 Qc4 21.Nf3 Bc5 22.Bxc5 Qxc5+
23.Kh2 d4 24.Nh4 Ne7 25.Nxg6 Nxg6 26.Ne4 Qb6 27.cxd4 Qxd4 28.Ra3 Qxb2 29.Rg3 Qb4
30.Ree3 Qe7 31.f5 exf5 32.Qxf5 Qxe5 33.Qg4 Qf4 34.Qe2 Kh8 35.Nf2 Rad8 36.Rf3 Qe5
37.Qc4 Qd5 38.Qc3 Kh7 39.Nd3 Qd4 40.Qb3 Qd5 41.Qb2 b6 42.Nf4 Qd6 43.Nh5 Qe5
44.Qxe5 Nxe5 45.Rxg7+ Kh8 46.Rf6 Ng6 47.Rgxf7 Rxf7 48.Rxf7 a6 49.Rf6 Kh7
50.Rxb6 a5 51.Rb7+ Kh8 52.Nf6 Nf8 53.Rf7 Rc8 54.g4 Rb8 55.Kg3 Rc8 56.Kh4 Ng6+
57.Kh5 Rc5+ 58.Kxh6  1-0

[Event "USA-ch sf1 playoff"]
[Site "Salt Lake City"]
[Date "1999.09.06"]
[Round "1"]
[White "Seirawan, Yasser"]
[Black "Gulko, Boris F"]
[Result "1/2-1/2"]
[WhiteElo "2653"]
[BlackElo "2618"]

1.c4 e5 2.Nc3 Nf6 3.Nf3 Nc6 4.g3 Bb4 5.Bg2 O-O 6.O-O Bxc3 7.bxc3 Re8 8.d3 e4
9.Nd4 exd3 10.exd3 Nxd4 11.cxd4 h6 12.d5 d6 13.Bb2 Bd7 14.Re1 Nh7 15.Qd2 b6
16.Re3 Rxe3 17.fxe3 Qg5 18.Qf2 f5 19.Rf1 Rf8 20.Bh3 Qh5 21.Bg2 Nf6 22.h3 Qg6
23.Kh2 Qh5 24.Qf3 Qg6 25.Bd4 Rf7 26.a3  1/2-1/2

[Event "USA-ch sf1 playoff"]
[Site "Salt Lake City"]
[Date "1999.09.06"]
[Round "2"]
[White "Gulko, Boris F"]
[Black "Seirawan, Yasser"]
[Result "1/2-1/2"]
[WhiteElo "2618"]
[BlackElo "2653"]

1.d4 Nf6 2.c4 e6 3.Nf3 d5 4.Nc3 Nbd7 5.cxd5 exd5 6.Bg5 h6 7.Bh4 Be7 8.e3 c6
9.Bd3 O-O 10.Qc2 Re8 11.O-O Nh5 12.Bxe7 Qxe7 13.a3 Nhf6 14.b4 Ne4 15.Bxe4 dxe4
16.Nd2 Nf6 17.Nc4 Bf5 18.f4 Nd5 19.Rfe1 Be6 20.Nd2 Nxc3 21.Qxc3 Bd5 22.f5 a5
23.bxa5 Ra7 24.Rf1 Rea8 25.f6 gxf6 26.Qb4 Qd8 27.Qb1 Rxa5 28.Nxe4 Bxe4 29.Qxe4 Rxa3
30.Rab1 Qe8 31.Qg4+ Kf8 32.e4 Qd8 33.e5 Rd3 34.Qf5 Qxd4+ 35.Kh1 Kg8 36.Qxf6 Rf8
37.Rxb7 Rd1 38.Rb1 Rxb1 39.Rxb1 Re8 40.h3 Qxe5 41.Qxh6 Qe6 42.Qf4 Qe4 43.Qf1 Re7
44.Rc1 Kg7 45.Qf2 Re6 46.Rc5 Qe1+ 47.Qxe1 Rxe1+ 48.Kh2 Re6 49.Kg3  1/2-1/2

[Event "USA-ch sf1 playoff"]
[Site "Salt Lake City"]
[Date "1999.09.06"]
[Round "3"]
[White "Gulko, Boris F"]
[Black "Seirawan, Yasser"]
[Result "1/2-1/2"]
[WhiteElo "2618"]
[BlackElo "2653"]

1.d4 Nf6 2.c4 e6 3.Nf3 b6 4.a3 c5 5.Bg5 d5 6.e3 Be7 7.Nc3 O-O 8.Bd3 Bb7 9.O-O Nbd7
10.Qe2 h6 11.Bh4 cxd4 12.exd4 Nh5 13.Bg3 Nxg3 14.hxg3 Bc6 15.Rfe1 Bb7 16.Red1 Nf6
17.Ne5 Bd6 18.Rac1 Qe7 19.cxd5 Nxd5 20.Ne4 Rac8 21.Ba6 Rxc1 22.Rxc1 Ba8 23.Nc6 Bxc6
24.Rxc6 Bb8 25.Qc2 Rd8 26.Rc8 Qf8 27.Nd2 Rxc8 28.Qxc8 Qxc8 29.Bxc8 Kf8 30.Ba6  1/2-1/2

[Event "USA-ch sf1 playoff"]
[Site "Salt Lake City"]
[Date "1999.09.06"]
[Round "4"]
[White "Seirawan, Yasser"]
[Black "Gulko, Boris F"]
[Result "0-1"]
[WhiteElo "2653"]
[BlackElo "2618"]

1.d4 Nf6 2.c4 e6 3.Nf3 b6 4.Nc3 Bb7 5.a3 d5 6.Bg5 Be7 7.e3 O-O 8.Rc1 Nbd7
9.cxd5 exd5 10.Bd3 c5 11.O-O Ne4 12.Bxe7 Qxe7 13.dxc5 bxc5 14.Qc2 Ndf6 15.Rfd1 Rac8
16.Bxe4 dxe4 17.Nd2 Rfd8 18.Nc4 Ba6 19.b3 Bxc4 20.bxc4 g6 21.h3 Qe5 22.Ne2 Rb8
23.Rxd8+ Rxd8 24.Nf4 Rb8 25.Rb1 Rxb1+ 26.Qxb1 Kg7 27.Ne2 h5 28.a4 Qd6 29.Nc3 Qe6
30.Qb3 a6 31.a5 h4 32.Na4 Qd6 33.Qc2 g5 34.Nb6 Qe5 35.Qc1 g4 36.Na4 Qg5 37.hxg4 Qxg4
38.Nxc5 h3 39.Qf1 h2+ 40.Kh1 Qf5 41.Nb3 Ng4 42.Nd2 Nxf2+ 43.Kxh2 Ng4+ 44.Kg1 Qxa5
45.Qf4 f5 46.Nf1 Qc5 47.Qg5+ Kf7 48.Qh5+ Ke7 49.Qh7+ Kd8 50.Qg8+ Kc7 51.Qf7+ Kb6
52.Qe6+ Ka5 53.Kh1 Qe5 54.Qc6 Qf6 55.Qd5+ Kb4 56.c5 Qh4+  0-1

[Event "KasparovChess GP g/60"]
[Site "Internet"]
[Date "2000.02.10"]
[Round "1.2"]
[White "Seirawan,Y"]
[Black "Piket,Je"]
[Result "1/2-1/2"]
[WhiteElo "2647"]
[BlackElo "2633"]

1.c4 g6 2.d4 Bg7 3.e4 d6 4.Nc3 Nf6 5.f3 O-O 6.Be3 c5 7.d5 e6 8.Nge2 exd5
9.cxd5 a6 10.a4 Nbd7 11.Ng3 h5 12.Be2 Re8 13.O-O Rb8 14.Nh1 Nh7 15.Nf2 f5
16.Qd2 Ne5 17.Kh1 Qe7 18.Rab1 Bd7 19.b4 cxb4 20.Rxb4 Rec8 21.Bd4 Nf7 22.Bxg7 Kxg7
23.Rfb1 Qf6 24.Ncd1 b5 25.axb5 axb5 26.Bxb5 Bxb5 27.Rxb5 Rxb5 28.Rxb5 Nhg5
29.exf5 Qxf5 30.Qd4+ Qe5 31.Qxe5+ Nxe5 32.f4 Ng4 33.Rb1 Nxf2+ 34.Nxf2 Nf7
35.g3 Rc2 36.Kg1 Nh6 37.Rb7+ Kf8 38.Ne4 Nf5 39.Rb6 Ke7 40.Rb7+ Kf8 41.h3 Rc4
42.Ng5 Nxg3 43.Ne6+ Ke8 44.Kf2 Nf5 45.Rb8+ Ke7 46.Rg8 Kf7 47.Rf8+ Ke7 48.Rg8 Kf7
49.Rf8+  1/2-1/2

[Event "Match"]
[Site "Bermuda BER"]
[Date "2000.02.13"]
[Round "6"]
[White "Seirawan,Y"]
[Black "Adams,Mi"]
[Result "1/2-1/2"]
[WhiteElo "2647"]
[BlackElo "2715"]

1.d4 Nf6 2.c4 e6 3.Nc3 Bb4 4.Qc2 d5 5.cxd5 Qxd5 6.Nf3 Qf5 7.Qxf5 exf5 8.a3 Be7
9.Bg5 c6 10.e3 Be6 11.Ne5 h6 12.Bh4 a5 13.Bc4 Bxc4 14.Nxc4 Nbd7 15.O-O Nd5
16.Bxe7 Kxe7 17.Rfc1 Rhc8 18.Rc2 Nxc3 19.Rxc3 a4 20.Rac1 Ra6 21.f3 Rd8 22.Kf2 c5
23.dxc5 Nxc5 24.Ne5 Ne6 25.R1c2 Rad6 26.f4 g5 27.Nf3 g4 28.Ne5 Rd2+ 29.Kg3 R8d5
30.h3 Rxc2 31.Rxc2 f6 32.Nc4 Rc5 33.Rc3 b5 34.Nd2 Rd5 35.Rc2 gxh3 36.gxh3 Nc5
37.Nf3 Ne6 38.Kf2 Kd6 39.Ke2 Rc5 40.Rxc5 Kxc5 41.Kd3 Kd5 42.Nd4 Nxd4 43.exd4  1/2-1/2

[Event "Japfa Classic"]
[Site "Bali INA"]
[Date "2000.04.29"]
[Round "7"]
[White "Seirawan,Y"]
[Black "Milos,G"]
[Result "1/2-1/2"]
[WhiteElo "2647"]
[BlackElo "2620"]

1.d4 Nf6 2.c4 e6 3.Nc3 Bb4 4.Qc2 O-O 5.a3 Bxc3+ 6.Qxc3 b6 7.Bg5 Ba6 8.e3 d6
9.Be2 Nbd7 10.Bf3 Rc8 11.b4 c6 12.Qb3 Qc7 13.Ne2 e5 14.Bxf6 Nxf6 15.dxe5 dxe5
16.Ng3 e4 17.Be2 c5 18.Qa4 Bb7 19.O-O Bc6 20.b5 Bd7 21.Rfd1 Rcd8 22.Ra2 Be6
23.Rad2 Rxd2 24.Rxd2 g6 25.Qc2  1/2-1/2

[Event "ch-USA Playoff"]
[Site "Seattle USA"]
[Date "2000.10.07"]
[Round "4"]
[White "Shabalov,A"]
[Black "Seirawan,Y"]
[Result "1-0"]
[WhiteElo "2601"]
[BlackElo "2647"]

1.e4 c6 2.d4 d5 3.e5 Bf5 4.Nc3 Qc8 5.h3 h6 6.g4 Bh7 7.Bg2 e6 8.Nge2 c5 9.O-O Nc6
10.Be3 cxd4 11.Nxd4 Nxd4 12.Qxd4 Ne7 13.f4 Nc6 14.Qa4 Be7 15.f5 exf5 16.Nxd5 Bd8
17.Bc5 Bb6 18.Bxb6 axb6 19.Qxa8 Qxa8 20.Nc7+ Ke7 21.Nxa8 Rxa8 22.Bxc6 bxc6
23.gxf5 g6 24.f6+ Ke6 25.Rfe1 g5 26.Rad1 Bxc2 27.Rd6+ Kf5 28.Rd2 Be4 29.e6 Bd5
30.e7 Re8 31.Rf2+ Kg6 32.Kh2 Bxa2 33.Ra1 Be6 34.Ra6 h5 35.Rxb6 Bd5 36.Rb7 Be6
37.Rc7 h4 38.Rxc6 Bf5 39.Rd6  1-0

[Event "34th Olympiad"]
[Site "Istanbul TUR"]
[Date "2000.10.29"]
[Round "2"]
[White "Seirawan,Y"]
[Black "Egger,J"]
[Result "1-0"]
[WhiteElo "2647"]
[BlackElo "2433"]

1.d4 Nf6 2.c4 g6 3.Nc3 Bg7 4.e4 d6 5.Bd3 O-O 6.Nge2 Nc6 7.O-O e5 8.d5 Nd4
9.Bg5 h6 10.Bh4 c5 11.Rb1 a6 12.b4 cxb4 13.Rxb4 Qc7 14.Bxf6 Bxf6 15.Nxd4 exd4
16.Ne2 Qc5 17.Qd2 b5 18.Rc1 Qa7 19.Qxh6 Bd7 20.h4 Bg7 21.Qg5 Rae8 22.Qd2 a5
23.Rxb5 Bxb5 24.cxb5 Bf6 25.h5 Qb6 26.Rc5 Qxc5 27.hxg6 fxg6 28.Qh6 Kf7 29.Qxf8+ Rxf8
30.e5 Bg7  1-0

[Event "34th Olympiad"]
[Site "Istanbul TUR"]
[Date "2000.10.30"]
[Round "3"]
[White "Miezis,N"]
[Black "Seirawan,Y"]
[Result "1-0"]
[WhiteElo "2518"]
[BlackElo "2647"]

1.c4 e5 2.Nc3 Nc6 3.g3 g6 4.Bg2 Bg7 5.d3 Nge7 6.e4 d6 7.Nge2 h5 8.h4 O-O
9.O-O Bg4 10.f3 Be6 11.Nd5 Qd7 12.Bg5 f6 13.Be3 f5 14.Qd2 Rf7 15.Bg5 Kh7
16.b4 Ng8 17.Rab1 Raf8 18.b5 Nce7 19.f4 c6 20.bxc6 bxc6 21.Ne3 Nh6 22.d4 exd4
23.Nxd4 fxe4 24.Bxh6 Bxh6 25.Bxe4 Bg7 26.Rb7 Qxb7 27.Nxe6 Qd7 28.Nxf8+ Rxf8
29.f5 Kg8 30.Qd3 Be5 31.Kg2 d5 32.cxd5 cxd5 33.fxg6 Rxf1 34.Qxf1 Qe6 35.Bf5 Qf6
36.Qf3 d4 37.Nd5 Nxd5 38.Qxd5+ Kf8 39.Qa8+ Ke7 40.Qxa7+ Kf8 41.Qa8+ Ke7 42.Qb7+ Kf8
43.Qc8+ Kg7 44.Qd7+ Kf8 45.a4 Qe7 46.Qxe7+ Kxe7 47.a5  1-0

[Event "34th Olympiad"]
[Site "Istanbul TUR"]
[Date "2000.11.02"]
[Round "6"]
[White "Krasenkow,M"]
[Black "Seirawan,Y"]
[Result "0-1"]
[WhiteElo "2702"]
[BlackElo "2647"]

1.Nf3 Nf6 2.c4 e6 3.Nc3 d5 4.d4 Nbd7 5.cxd5 exd5 6.Bf4 c6 7.h3 Bb4 8.Qb3 Qa5
9.Bd2 O-O 10.e3 Re8 11.Bd3 Qb6 12.Qc2 Bd6 13.O-O Qd8 14.Rfe1 h6 15.Rab1 Nb6
16.b4 a6 17.a4 Be6 18.Ne5 Nfd7 19.f4 Nf8 20.a5 Nc8 21.f5 Bd7 22.Nxd7 Nxd7
23.e4 Qh4 24.Be3 Bg3 25.Re2 Ne7 26.e5 Nxe5 27.dxe5 d4 28.Bd2 dxc3 29.Re4 cxd2
30.Rxh4 Bxh4 31.Qxd2 Nd5 32.e6 fxe6 33.fxe6 Rxe6 34.Bc2 Rae8 35.Qd3 Re1+
36.Rxe1 Rxe1+ 37.Kh2 Re3 38.Qh7+ Kf8 39.g3 Bxg3+ 40.Kg1 Nf4 41.Qf5+ Ke8  0-1

[Event "34th Olympiad"]
[Site "Istanbul TUR"]
[Date "2000.11.04"]
[Round "7"]
[White "Seirawan,Y"]
[Black "Damljanovic,B"]
[Result "1-0"]
[WhiteElo "2647"]
[BlackElo "2559"]

1.d4 Nf6 2.c4 e6 3.Nf3 b6 4.Nc3 Bb4 5.Qb3 c5 6.a3 Bxc3+ 7.Qxc3 d6 8.e3 O-O
9.Be2 Nbd7 10.O-O Bb7 11.b4 Rc8 12.Bb2 Qe7 13.dxc5 bxc5 14.b5 Rfd8 15.a4 Nf8
16.Nd2 e5 17.Bf3 Bxf3 18.Nxf3 Ng6 19.Rfd1 Ne4 20.Qc2 f5 21.Nd2 Nxd2 22.Qxd2 Qe6
23.Qd5 Qxd5 24.Rxd5 Ne7 25.Rd2 Kf7 26.Rad1 Ke6 27.f4 exf4 28.exf4 g6 29.Bg7 Rd7
30.Bh6 Re8 31.Re2+ Kf7 32.Rde1 Rc8 33.Bg5 Ng8 34.Rd2 Re8 35.Re5 h6 36.Bh4 Rxe5
37.fxe5 g5 38.Bf2 Ke6 39.exd6 Rxd6 40.Re2+ Kd7 41.Re1 Rd2 42.Bxc5 Ra2 43.Rd1+ Ke6
44.Rd6+ Ke5 45.Rd8 Nf6 46.Bd4+ Ke6 47.c5 Ne4 48.c6 Rc2 49.Kf1 f4 50.Bxa7 g4
51.b6 f3 52.gxf3 gxf3 53.Re8+ Kd5 54.Rxe4 Kxe4 55.b7 Rc1+ 56.Kf2  1-0

[Event "US-China Summit"]
[Site "Seattle USA"]
[Date "2001.03.15"]
[Round "2"]
[White "Xu Jun"]
[Black "Seirawan,Y"]
[Result "1/2-1/2"]
[WhiteElo "2655"]
[BlackElo "2640"]

1.d4 Nf6 2.c4 e6 3.Nf3 b6 4.g3 Bb7 5.Bg2 Bb4+ 6.Bd2 Bxd2+ 7.Qxd2 O-O 8.Nc3 Ne4
9.Qc2 Nxc3 10.Ng5 Qxg5 11.Bxb7 Nxe2 12.Qxe2 Nc6 13.Bxa8 Rxa8 14.Qe3 Qa5+
15.Kf1 d5 16.Qc3 Qxc3 17.bxc3 dxc4 18.Ke2 Rd8 19.Rhd1 Rd5 20.Kd2 Rh5 21.h4 Kf8
22.Kc2 Ke7 23.Rd2 Kd6 24.Re1 Ra5 25.Kb2 Rb5+ 26.Kc2 Ra5 27.Kb2 Rf5 28.f4 h5
29.Rg2 g6 30.Kc1 a6 31.Re3 Ra5 32.Kb2 Rb5+ 33.Kc2 Ne7 34.Re5 Nd5 35.Rg1 Ra5
36.Kb2 Rb5+ 37.Kc2 Kc6 38.g4 hxg4 39.Rxg4 Kd6 40.Rg1 Ra5 41.Kb2 Rb5+ 42.Kc2 f6
43.Re4 Ra5 44.Kb2 Rb5+ 45.Kc2 Ra5 46.Kb2 Rb5+  1/2-1/2

[Event "US-China Summit"]
[Site "Seattle USA"]
[Date "2001.03.18"]
[Round "4"]
[White "Xu Jun"]
[Black "Seirawan,Y"]
[Result "1/2-1/2"]
[WhiteElo "2655"]
[BlackElo "2640"]

1.d4 Nf6 2.c4 e6 3.Nf3 b6 4.g3 Ba6 5.b3 Bb7 6.Bg2 Bb4+ 7.Bd2 a5 8.O-O O-O
9.Qc2 d6 10.Bc3 Be4 11.Qc1 Bxb1 12.Rxb1 Bxc3 13.Qxc3 c6 14.Rfe1  1/2-1/2

[Event "Eurotel Trophy"]
[Site "Prague CZE"]
[Date "2002.04.28"]
[Round "1.2"]
[White "Seirawan,Y"]
[Black "Gelfand,B"]
[Result "0-1"]
[WhiteElo "2631"]
[BlackElo "2707"]

1.d4 Nf6 2.c4 e6 3.Nc3 Bb4 4.Qc2 O-O 5.a3 Bxc3+ 6.Qxc3 b6 7.Bg5 Bb7 8.Nf3 d6
9.e3 Nbd7 10.Nd2 c5 11.b4 h6 12.Bh4 d5 13.dxc5 bxc5 14.f3 Rc8 15.b5 Qb6 16.Bf2 e5
17.Be2 d4 18.Qb2 Nh5 19.O-O Qg6 20.Rfe1 f5 21.Bf1 Rce8 22.Kh1 f4 23.exd4 exd4
24.Qb1 Qg5 25.Ne4 Bxe4 26.Rxe4 Ndf6 27.Rxe8 Rxe8 28.Kg1 Ng3 29.Bd3 Nd7 30.Bh7+ Kh8
31.Qg6 Ne2+ 32.Kf1 Qe7 33.Qe4 Qd8 34.Qc2 Nc3 35.Bg6 Re2 36.Qf5 Ne5 37.Re1 d3
38.Ra1 d2 39.Qc2 Rxf2+ 40.Kxf2 Qd4+ 41.Kf1 d1=Q+ 42.Rxd1 Nxd1  0-1

[Event "Eurotel Trophy"]
[Site "Prague CZE"]
[Date "2002.04.28"]
[Round "1.1"]
[White "Gelfand,B"]
[Black "Seirawan,Y"]
[Result "1/2-1/2"]
[WhiteElo "2707"]
[BlackElo "2631"]

1.d4 Nf6 2.c4 e6 3.Nc3 d5 4.Nf3 Nbd7 5.e3 a6 6.b3 b6 7.Bb2 Bb7 8.Bd3 Bd6
9.O-O O-O 10.Rc1 Re8 11.cxd5 exd5 12.Ne2 Ne4 13.Ng3 Nxg3 14.hxg3 Nf6 15.Rc2 Ne4
16.Qc1 Qe7 17.Ne5 f6 18.Bxe4 dxe4 19.Nc4 Rac8 20.a4 b5 21.axb5  1/2-1/2

[Event "Tan Chin Nam Cup"]
[Site "Qingdao CHN"]
[Date "2002.07.07"]
[Round "6"]
[White "Sasikiran,K"]
[Black "Seirawan,Y"]
[Result "1/2-1/2"]
[WhiteElo "2650"]
[BlackElo "2618"]

1.d4 Nf6 2.c4 e6 3.Nc3 d5 4.cxd5 exd5 5.Bg5 c6 6.e3 h6 7.Bh4 Bf5 8.Qf3 Bg6
9.Bxf6 Qxf6 10.Qxf6 gxf6 11.Kd2 Nd7 12.Nge2 Nb6 13.Nf4 Bd6 14.g3 Kf8 15.Bd3 Bxf4
16.gxf4 Bxd3 17.Kxd3 f5 18.Rhg1 Nc4 19.Na4 Ke7 20.b3 Nd6 21.Ke2 Rag8 22.Nc5 f6
23.a4 a5 24.f3  1/2-1/2

[Event "Tan Chin Nam Cup"]
[Site "Qingdao CHN"]
[Date "2002.07.07"]
[Round "7"]
[White "Seirawan,Y"]
[Black "Ni Hua"]
[Result "1/2-1/2"]
[WhiteElo "2618"]
[BlackElo "2533"]

1.d4 Nf6 2.c4 g6 3.Nc3 d5 4.Nf3 Bg7 5.Bg5 Ne4 6.cxd5 Nxg5 7.Nxg5 e6 8.Nf3 exd5
9.b4 O-O 10.e3 c6 11.Be2 Nd7 12.O-O Nf6 13.a4 Re8 14.b5 Ne4  1/2-1/2

[Event "Tan Chin Nam Cup"]
[Site "Qingdao CHN"]
[Date "2002.07.08"]
[Round "8"]
[White "Seirawan,Y"]
[Black "Xu Jun"]
[Result "1-0"]
[WhiteElo "2618"]
[BlackElo "2654"]

1.d4 Nf6 2.Nf3 d5 3.c4 e6 4.cxd5 exd5 5.Nc3 c6 6.Qc2 g6 7.Bg5 Be7 8.e3 Bf5
9.Bd3 Bxd3 10.Qxd3 O-O 11.Bxf6 Bxf6 12.h4 h5 13.O-O-O Nd7 14.Rdg1 Bg7 15.g4 Nf6
16.Ne5 Qe7 17.gxh5 Nxh5 18.f4 Rfe8 19.Ne2 c5 20.Ng3 Nxg3 21.Rxg3 cxd4 22.exd4 Qf6
23.f5 Rac8+ 24.Kb1 Qa6 25.Qxa6 bxa6 26.fxg6 Bxe5 27.dxe5 Rxe5 28.h5 Re6 29.gxf7+ Kxf7
30.h6 Rh8 31.Rg7+ Kf6 32.Rf1+ Ke5 33.Re1+  1-0

[Event "Tan Chin Nam Cup"]
[Site "Qingdao CHN"]
[Date "2002.07.09"]
[Round "9"]
[White "Kaidanov,G"]
[Black "Seirawan,Y"]
[Result "1/2-1/2"]
[WhiteElo "2638"]
[BlackElo "2618"]

1.d4 Nf6 2.c4 e6 3.Nc3 d5 4.Bg5 Be7 5.e3 O-O 6.Nf3 Nbd7 7.Rc1 Re8 8.Qc2 c6
9.Bd3 dxc4 10.Bxc4 Nd5 11.Bxe7 Qxe7 12.Ne4 N5f6 13.O-O Nxe4 14.Qxe4 e5 15.Rfe1 h6
16.Bb3 exd4 17.Qxe7 Rxe7 18.Nxd4 Nf8 19.f3 Be6 20.Nxe6 Nxe6 21.Rcd1 Kf8 22.Kf2 Ke8
23.h4 Rd8 24.Rxd8+ Kxd8 25.a3 Rd7 26.Bxe6  1/2-1/2

[Event "2nd China-USA Summit"]
[Site "Shanghai CHN"]
[Date "2002.07.12"]
[Round "2"]
[White "Seirawan,Y"]
[Black "Xu Jun"]
[Result "1/2-1/2"]
[WhiteElo "2618"]
[BlackElo "2654"]

1.d4 Nf6 2.c4 e6 3.Nf3 d5 4.cxd5 exd5 5.Nc3 c6 6.Bg5 Bf5 7.Qb3 Nbd7 8.Qxb7 Rb8
9.Qxc6 Rxb2 10.g4 Bc2 11.Bxf6 Qxf6 12.Qc8+ Qd8 13.Qxd8+ Kxd8 14.a3 Rb3 15.Nxd5 Be4
16.Ne3 h5 17.Bg2 hxg4 18.Nxg4 Rb2 19.Ne3 Rh5 20.Nd2 Bxg2 21.Nxg2 Nb6 22.Ne3 Be7
23.Ndc4 Nxc4 24.Nxc4 Rc2 25.Ne5 f6 26.Kd1 Rc7 27.Nd3 Ra5 28.Kd2 Rc4 29.Ke3 Bd6
30.h4 Ke7 31.h5 Raa4 32.Rhb1 Rxd4 33.Rb7+ Kf8 34.Kf3 Rh4 35.Rc1 Rh3+ 36.Kg2 Rh2+
37.Kf3 Rh3+ 38.Kg2 Rh2+ 39.Kf3  1/2-1/2

[Event "Queens v Kings"]
[Site "Jinan CHN"]
[Date "2002.07.24"]
[Round "1"]
[White "Seirawan,Y"]
[Black "Xie Jun"]
[Result "1/2-1/2"]
[WhiteElo "2618"]
[BlackElo "2562"]

1.d4 Nf6 2.c4 g6 3.Nc3 Bg7 4.e4 d6 5.Bd3 O-O 6.Nge2 e5 7.d5 Nh5 8.O-O f5
9.exf5 Bxf5 10.Bxf5 gxf5 11.f4 Nd7 12.Be3 a6 13.Qd2 Qh4 14.Rf3 exf4 15.Nxf4 Nxf4
16.Rxf4 Qe7 17.Raf1 Ne5 18.b3 Bh6 19.Nd1 Bxf4 20.Bxf4 Rae8 21.Bg5 Qd7 22.Nc3 Rf7
23.Ne2 f4 24.Bxf4 Ng6 25.Nd4 Qg4 26.Bg3 Rxf1+ 27.Kxf1 Rf8+ 28.Kg1 Nf4 29.Bxf4 Qxf4
30.Qxf4 Rxf4 31.Ne6 Rf7 32.Nd8 Re7 33.Kf2 b6 34.g3 Kg7 35.Ne6+ Kf6 36.Nd4 Re8
37.h3 Re4 38.Ne6 c6 39.Kf3 Re1 40.Nc7 Re7 41.Na8 c5 42.Nxb6 Ke5 43.Ke3 h5
44.Na4 Rg7 45.Kf3 Kd4 46.g4 hxg4+ 47.hxg4 Rf7+ 48.Kg3 Ke3 49.g5 Ke4 50.Nb6 Kf5
51.Nc8 Rd7 52.Kh4 a5 53.a3 Rh7+ 54.Kg3 Ke5 55.Kg4 Rc7 56.Nb6 Rb7 57.Nc8 Rxb3
58.g6 Rb8 59.Ne7 Kf6 60.Nf5 Kxg6 61.Nxd6 Rb3 62.Nb5 Rb1 63.Kf4 Kf6 64.Ke4 Re1+
65.Kd3 Ke5 66.Nc3 Rh1 67.Nb5 Rh2 68.Kc3 Rh3+ 69.Kc2 a4 70.Kd2 Ke4 71.Kc2 Ke5
72.Kd2 Kf6 73.Kc2 Ke7 74.Kd2 Kd7 75.Kc2 Kc8 76.Nc3 Rh2+ 77.Kd3 Rh3+ 78.Kc2 Rh4
79.Nxa4 Rxc4+ 80.Kb3  1/2-1/2

[Event "Queens v Kings"]
[Site "Jinan CHN"]
[Date "2002.07.24"]
[Round "2"]
[White "Xie Jun"]
[Black "Seirawan,Y"]
[Result "0-1"]
[WhiteElo "2562"]
[BlackElo "2618"]

1.e4 e6 2.d4 d5 3.Nd2 dxe4 4.Nxe4 Bd7 5.Nf3 Bc6 6.Bd3 Nd7 7.O-O Be7 8.b3 Ngf6
9.Ng3 O-O 10.Bb2 b6 11.c4 Bb7 12.Qe2 c5 13.Rad1 Re8 14.dxc5 bxc5 15.Ne5 g6
16.Be4 Qc8 17.Bxb7 Qxb7 18.Rfe1 Nf8 19.Ng4 Nxg4 20.Qxg4 Rad8 21.Nh5 Rxd1
22.Rxd1 Rd8 23.Nf6+ Bxf6 24.Bxf6 Qe4  0-1

[Event "Olympiad"]
[Site "Bled SLO"]
[Date "2002.10.30"]
[Round "5"]
[White "Agrest,E"]
[Black "Seirawan,Y"]
[Result "1/2-1/2"]
[WhiteElo "2607"]
[BlackElo "2629"]

1.Nf3 Nf6 2.c4 c5 3.Nc3 d5 4.cxd5 Nxd5 5.e3 e6 6.Bc4 Nc6 7.O-O Be7 8.d4 cxd4
9.exd4 Nxc3 10.bxc3 O-O 11.Bd3 Bf6 12.Re1 Qa5 13.Qc2 g6 14.Rb1 Qc7 15.h4 b6
16.h5 Bb7 17.Bh6 Bg7 18.Qd2 Ne7 19.Bxg7 Kxg7 20.Ne5 gxh5 21.Re3 Ng6 22.Rh3 h4
23.Re1 Rh8 24.Be4 Bxe4 25.Rxe4 Rag8 26.Rf3 f5 27.Re1 Re8 28.Nd3 Rhf8 29.Nf4 Nxf4
30.Qxf4 Qxf4  1/2-1/2

[Event "Olympiad"]
[Site "Bled SLO"]
[Date "2002.11.04"]
[Round "9"]
[White "Seirawan,Y"]
[Black "Rowson,J"]
[Result "1-0"]
[WhiteElo "2629"]
[BlackElo "2547"]

1.d4 d5 2.c4 dxc4 3.e3 Nf6 4.Bxc4 e6 5.Nf3 c5 6.O-O a6 7.b3 b6 8.dxc5 Qxd1
9.Rxd1 Bxc5 10.Bb2 Nbd7 11.Nbd2 Bb7 12.Be2 Ke7 13.Ne1 Bd5 14.Nd3 Bd6 15.f3 Nc5
16.Nb4 Bb7 17.Nc4 Bc7 18.Nd3 Nxd3 19.Rxd3 Rhd8 20.Ba3+ Ke8 21.Bd6 Bb8 22.Bxb8 Raxb8
23.Nd6+ Rxd6 24.Rxd6 Nd5 25.Rc1 Ke7 26.Rxd5 exd5 27.Rc7+ Kf6 28.b4 Bc8 29.a4 Ke6
30.Ra7 b5 31.axb5 axb5 32.f4 g6 33.Kf2 h5 34.Ke1 Bd7 35.Kd2 Kd6 36.Bd3 h4
37.Ra5 Bc6 38.Kc3 Rb7 39.Ra6 Rb8 40.Kd4 f5 41.Be2 Re8 42.Bxb5  1-0

[Event "3 Arrows Cup"]
[Site "Ji Nan CHN"]
[Date "2003.09.19"]
[Round "3"]
[White "Zhao Xue"]
[Black "Seirawan,Y"]
[Result "0-1"]
[WhiteElo "2467"]
[BlackElo "2626"]

1.d4 Nf6 2.c4 e6 3.Nf3 b6 4.a3 c6 5.Nc3 d5 6.Bg5 Be7 7.Bxf6 Bxf6 8.e4 O-O
9.Rc1 dxe4 10.Nxe4 c5 11.Bd3 Bb7 12.dxc5 Bxb2 13.Rb1 Bf6 14.O-O Nd7 15.cxb6 axb6
16.Nd6 Bxf3 17.gxf3 Be5 18.Ne4 Rxa3 19.Qe2 Nc5 20.Nxc5 Qg5+ 21.Kh1 Qf4  0-1

[Event "NK Rapid"]
[Site "Vlaardingen NED"]
[Date "2005.10.01"]
[Round "6"]
[White "Seirawan,Y"]
[Black "Chuchelov,V"]
[Result "1-0"]
[WhiteElo "2635"]
[BlackElo "2534"]

1.c4 c5 2.g3 Nf6 3.Bg2 e6 4.Nf3 Nc6 5.O-O d5 6.cxd5 Nxd5 7.Nc3 Be7 8.Nxd5 Qxd5
9.d3 O-O 10.Be3 Qf5 11.Rc1 Rb8 12.a3 Rd8 13.Qc2 Nd4 14.Nxd4 cxd4 15.Bf4 Ra8
16.Bc7 Rd7 17.b4 h6 18.Be4 Qb5 19.f4 g6 20.Qc4 a6 21.Rc2 Bd6 22.Ba5 Qxc4
23.Rxc4 Rb8 24.Bb6 Re7 25.Rfc1 Bd7 26.Rxd4  1-0

[Event "TCh-NED 2006-7"]
[Site "Netherlands NED"]
[Date "2007.02.03"]
[Round "5"]
[White "Seirawan,Y"]
[Black "Kritz,L"]
[Result "1-0"]
[WhiteElo "2638"]
[BlackElo "2597"]

1.c4 e5 2.Nc3 Nc6 3.Nf3 g6 4.d4 exd4 5.Nxd4 Bg7 6.Nxc6 bxc6 7.g3 Ne7 8.Bg2 O-O
9.O-O d6 10.Bg5 f6 11.Bf4 Rb8 12.c5 d5 13.Qa4 g5 14.Bc1 Rb7 15.e4 dxe4 16.Rd1 Qe8
17.Qxe4 f5 18.Qe2 h6 19.Re1 Bf6 20.b3 Qf7 21.Bb2 f4 22.Rad1 Rb4 23.h3 Qg7
24.Na4 Nd5 25.Bxf6 Qxf6 26.Qe5 Qg6 27.Nc3 Nf6 28.Qxc7 fxg3 29.fxg3 Qc2 30.Rd8 Qxc3
31.Rxf8+ Kxf8 32.Qxc8+ Kg7 33.Qc7+ Kg6 34.Qe5 Qxe5 35.Rxe5 Nd7 36.Re6+ Kf5
37.Rxc6 Rd4 38.Rc7 Ne5 39.Rxa7 Rd1+ 40.Kf2 Rd2+ 41.Kf1  1-0

[Event "TCh-NED 2006-7"]
[Site "Netherlands NED"]
[Date "2007.03.03"]
[Round "6"]
[White "Sokolov,Iv"]
[Black "Seirawan,Y"]
[Result "1-0"]
[WhiteElo "2652"]
[BlackElo "2638"]

1.d4 Nf6 2.c4 e6 3.Nf3 Bb4+ 4.Nbd2 O-O 5.a3 Bxd2+ 6.Bxd2 b6 7.Bg5 Bb7 8.e3 d6
9.Bd3 Nbd7 10.O-O h6 11.Bh4 g5 12.Bg3 Ne4 13.Bxe4 Bxe4 14.Nd2 Bg6 15.b4 f5
16.f3 Qe7 17.Re1 e5 18.c5 bxc5 19.bxc5 dxc5 20.Rc1 Rad8 21.Qa4 cxd4 22.exd4 c5
23.dxe5 Nb6 24.Qa5 Rd5 25.Nc4 Nxc4 26.Rxc4 f4 27.Bf2 Rxe5 28.Rxe5 Qxe5 29.h3 Rb8
30.Rxc5 Qf6 31.Qxa7 Rd8 32.Qb7 Bf7 33.Rc8 Rxc8 34.Qxc8+ Kh7 35.Qd7 Kg6 36.a4 Qf5
37.Qa7 Bc4 38.a5 Qe6 39.Kh2 Kh5 40.Qc5 Kg6 41.Bd4 Qd5 42.Qb6+ Qe6 43.Qc7 Qf7
44.Qe5 Qe6 45.Qg7+ Kf5 46.Bf2 Qf7 47.Qc3 Qe6 48.h4 Kg6 49.Qc2+ Kh5 50.hxg5 hxg5
51.Bd4 Kh6 52.Qc3 Kg6 53.Qc2+ Kh6 54.Bc5 Kg7 55.Qc3+ Kh6 56.Bf8+ Kh5 57.Qc2 Qf7
58.Qe4 Bd5 59.Qe5 Kg6 60.Be7 Qf5 61.Qb8 g4 62.Qd6+ Kh7 63.fxg4 Qe4 64.Kh3 Qe3+
65.Kh4 Bxg2 66.Kh5 Qh3+ 67.Kg5 Be4 68.Qf6  1-0